Famous Football Players Picture Quiz - Atlético de Madrid - Statistics

General Stats
  • This quiz has been taken 938 times
  • The average score is 12 of 15
Answer Stats
Picture Answer % Correct
Fernando Torres
96%
Thibaut Courtois
96%
Diego Costa
94%
Diego Simeone
93%
Sergio Agüero
92%
Jan Oblak
89%
Radamel Falcao
89%
Diego Forlan
88%
David de Gea
87%
David Villa
86%
Koke
85%
Mario Mandžukić
81%
Diego Godín
78%
Arda Turan
72%
Tomáš Ujfaluši
18%
No matching quizzes found
Score Distribution
Percent of People with Each Score
Percentile by Number Answered
Your Score History
You have not taken this quiz